Bundesland nach Bild von Ministerpräsident*in - Statistiken

Allgemein
  • Dieses Quiz wurde 187 mal gespielt
  • Das Durchschnittsergebnis liegt bei 12 aus 16
Antwortstatistiken
Bildquiz Antwort % Korrekt
Bayern
92%
Nordrhein-Westfalen
92%
Baden-Württemberg
85%
Hessen
83%
Sachsen
81%
Mecklenburg-Vorpommern
79%
Thüringen
78%
Rheinland-Pfalz
76%
Berlin
70%
Sachsen-Anhalt
68%
Hamburg
65%
Schleswig-Holstein
64%
Saarland
62%
Bremen
60%
Niedersachsen
60%
Brandenburg
52%
Keine übereinstimmenden Quizze gefunden
Verteilung der Resultate
Anzahl Personen mit jedem Resultat
Perzentil nach korrekt beantworteten Fragen
Ihre Resultats-Entwicklung
Sie haben dieses Quiz noch nicht gespielt